[Event "Vecindario Montalvo Memorial 17th"]
[Site "Vecindario"]
[Date "2025.04.16"]
[Round "5"]
[White "Pinilla Sanchez, Josep A"]
[Black "Rodriguez Lopez, David"]
[Result "0-1"]
[WhiteElo "1827"]
[BlackElo "2182"]
[PlyCount "96"]
[EventDate "2025.04.12"]
[EventType "swiss"]
[EventRounds "9"]
[EventCountry "ESP"]
[SourceTitle "CB17_2025"]
[SourceDate "2025.04.23"]
[SourceVersion "1"]
[SourceVersionDate "2025.04.23"]
[SourceQuality "1"]

1. Nf3 Nf6 2. g3 d5 3. Bg2 e6 4. 0-0 Be7 5. c4 0-0 6. b3 b6 7. Bb2 Bb7 8. Nc3 c5 9. cxd5 Nxd5 10. Nxd5 Bxd5 11. d4 cxd4 12. Qxd4 Bf6 13. Qd2 Nd7 14. Rac1 Nc5 15. Bxf6 Qxf6 16. Qd4 Qe7 17. Ne5 Rad8 18. Qf4 Bxg2 19. Kxg2 Qd6 20. Nf3 Qxf4 21. gxf4 f6 22. Rfd1 Kf7 23. Nd4 a5 24. e3 Rd7 25. Nb5 Rfd8 26. Rxd7+ Rxd7 27. Nd4 h6 28. h4 Rd6 29. Rc2 Kg6 30. Nb5 Rd1 31. Nd4 Nd3 32. Nf3 Nb4 33. Rb2 Ra1 34. a4 Nd3 35. Rd2 Nc5 36. Rb2 Rd1 37. Nd2 Nd3 38. Ra2 Nb4 39. Rb2 Kh5 40. Nc4 Kxh4 41. Nxb6 Nd3 42. Ra2 Rb1 43. Nc4 Ne1+ 44. Kf1 Nf3+ 45. Ke2 Kg4 46. Nxa5 h5 47. Nc4 h4 48. a5 h3 0-1

[Event "Palma de Mallorca op"]
[Site "Palma de Mallorca"]
[Date "2021.11.25"]
[Round "4"]
[White "Pinilla Sanchez, Josep A"]
[Black "Prunes Vigo, Joan"]
[Result "1-0"]
[WhiteElo "1782"]
[BlackElo "1516"]
[PlyCount "43"]
[EventDate "2021.11.22"]
[EventType "swiss"]
[EventRounds "7"]
[EventCountry "ESP"]
[SourceTitle "CBM 205 Extra"]
[Source "ChessBase"]
[SourceDate "2022.01.31"]
[SourceVersion "1"]
[SourceVersionDate "2022.01.31"]
[SourceQuality "1"]

1. c4 Nf6 2. Nc3 e5 3. g3 Nc6 4. Bg2 Be7 5. Nf3 0-0 6. 0-0 Re8 7. d4 e4 8. Ne5 Bd6 9. Nxc6 bxc6 10. Bg5 Qe7 11. c5 Bxc5 12. dxc5 Qxc5 13. Bxf6 gxf6 14. Nxe4 Qf5 15. Nc3 Rb8 16. Qd2 Ba6 17. e4 Qa5 18. Rfd1 d5 19. exd5 cxd5 20. Nxd5 Qxd2 21. Rxd2 Re6 22. Nxc7 1-0

[Event "Hospitalet de Llobregat Ponce 4th"]
[Site "Hospitalet de Llobregat"]
[Date "2019.06.08"]
[Round "9"]
[White "Madrid Sole, Antonio"]
[Black "Pinilla Sanchez, Josep A"]
[Result "1/2-1/2"]
[WhiteElo "1837"]
[BlackElo "1811"]
[PlyCount "74"]
[EventDate "2019.04.06"]
[EventType "swiss"]
[EventRounds "9"]
[EventCountry "ESP"]
[SourceTitle "EXT 2020"]
[Source "ChessBase"]
[SourceDate "2019.10.17"]
[SourceVersion "1"]
[SourceVersionDate "2019.10.17"]
[SourceQuality "1"]

1. d4 e6 2. Nf3 Nf6 3. Bf4 d5 4. e3 Bd6 5. Bg3 0-0 6. Bd3 c5 7. c3 Qc7 8. Ne5 Nbd7 9. f4 Ne4 10. Nxd7 Bxd7 11. Nd2 f5 12. 0-0 Be8 13. Nxe4 dxe4 14. Be2 Rc8 15. Rc1 Qb6 16. b3 Qa5 17. a4 Qc7 18. Bc4 Bf7 19. Qe2 Rfd8 20. Bh4 Be7 21. Bf2 Bd6 22. Rfd1 a6 23. h3 Qe7 24. Qe1 Qe8 25. Be2 Rc7 26. dxc5 Bxc5 27. c4 Rdd7 28. Rxd7 Rxd7 29. b4 Be7 30. c5 Rc7 31. a5 Bf6 32. Bc4 e5 33. fxe5 Bxe5 34. Bg3 Bxc4 35. Rxc4 Rd7 36. Rc1 Rd3 37. Bxe5 Qxe5 1/2-1/2

[Event "Hospitalet de Llobregat op 4th"]
[Site "Hospitalet de Llobregat"]
[Date "2019.05.25"]
[Round "7"]
[White "Escoriza Lusilla, Pedro"]
[Black "Pinilla Sanchez, Josep A"]
[Result "1-0"]
[WhiteElo "1653"]
[BlackElo "1811"]
[PlyCount "69"]
[EventDate "2019.04.06"]
[EventType "swiss"]
[EventRounds "9"]
[EventCountry "ESP"]
[SourceTitle "CBM 190 Extra"]
[Source "ChessBase"]
[SourceDate "2019.07.15"]
[SourceVersion "1"]
[SourceVersionDate "2019.07.15"]
[SourceQuality "1"]

1. c4 Nf6 2. g3 d5 3. Bg2 g6 4. Nf3 Bg7 5. 0-0 0-0 6. cxd5 Nxd5 7. Nc3 Nc6 8. d4 Re8 9. e3 Nb6 10. b3 e5 11. dxe5 Nxe5 12. Nxe5 Bxe5 13. Bb2 c6 14. Qxd8 Rxd8 15. Rfd1 Be6 16. e4 Bg7 17. Rxd8+ Rxd8 18. Rd1 Rxd1+ 19. Nxd1 Nd7 20. Bxg7 Kxg7 21. f4 Nc5 22. Nb2 a5 23. Kf2 a4 24. Nxa4 Nxa4 25. bxa4 Bxa2 26. a5 Bc4 27. Ke3 Kf6 28. Kd4 Ba6 29. Kc5 Ke7 30. e5 Kd7 31. Kb6 h6 32. Bh3+ Kd8 33. Bg4 c5 34. Kxc5 Kc7 35. Bf3 1-0

[Event "Hospitalet de Llobregat op 4th"]
[Site "Hospitalet de Llobregat"]
[Date "2019.04.27"]
[Round "3"]
[White "Pinilla Sanchez, Josep A"]
[Black "Rodriguez Regull, German"]
[Result "1/2-1/2"]
[WhiteElo "1811"]
[BlackElo "1955"]
[PlyCount "51"]
[EventDate "2019.04.06"]
[EventType "swiss"]
[EventRounds "9"]
[EventCountry "ESP"]
[SourceTitle "CBM 190 Extra"]
[Source "ChessBase"]
[SourceDate "2019.07.15"]
[SourceVersion "1"]
[SourceVersionDate "2019.07.15"]
[SourceQuality "1"]

1. Nf3 d5 2. c4 e6 3. g3 f5 4. Bg2 Nf6 5. 0-0 Bd6 6. Nc3 c6 7. d3 0-0 8. e4 dxe4 9. dxe4 Qc7 10. exf5 exf5 11. Qb3 Kh8 12. Nd4 f4 13. c5 Be5 14. Nf3 fxg3 15. fxg3 Na6 16. Qc4 Bxc3 17. Bf4 Qa5 18. bxc3 Re8 19. Bd6 Be6 20. Qd4 Bd5 21. Ne5 Bxg2 22. Kxg2 Re6 23. Nf7+ Kg8 24. Nh6+ Kh8 25. Nf7+ Kg8 26. Nh6+ 1/2-1/2

[Event "Barcelona Ponce Memorial 3rd"]
[Site "Barcelona"]
[Date "2018.05.19"]
[Round "7"]
[White "Pinilla Sanchez, Josep A"]
[Black "Martinez Balaguer, Josep Maria"]
[Result "1-0"]
[WhiteElo "1878"]
[BlackElo "1755"]
[PlyCount "43"]
[EventDate "2018.04.07"]
[EventType "swiss"]
[EventRounds "9"]
[EventCountry "ESP"]
[SourceTitle "CBM 184 Extra"]
[Source "ChessBase"]
[SourceDate "2018.06.28"]
[SourceVersion "1"]
[SourceVersionDate "2018.06.28"]
[SourceQuality "1"]

1. d4 Nf6 2. c4 e6 3. g3 Bb4+ 4. Bd2 Qe7 5. Bg2 0-0 6. Nf3 Ne4 7. Nc3 Nxd2 8. Qxd2 d5 9. 0-0 dxc4 10. a3 Ba5 11. Ne5 c6 12. Nxc4 Bc7 13. Qc2 Nd7 14. e4 Nf6 15. Rfe1 Rd8 16. Rad1 b5 17. Ne3 Bb7 18. d5 a6 19. dxc6 Bxc6 20. e5 Nd5 21. Ncxd5 Bxd5 22. Bxd5 1-0

[Event "Barcelona Ponce Memorial 3rd"]
[Site "Barcelona"]
[Date "2018.04.21"]
[Round "3"]
[White "Pinilla Sanchez, Josep A"]
[Black "Fungueirino Pique, Daniel"]
[Result "1-0"]
[WhiteElo "1878"]
[BlackElo "1697"]
[PlyCount "51"]
[EventDate "2018.04.07"]
[EventType "swiss"]
[EventRounds "9"]
[EventCountry "ESP"]
[SourceTitle "CBM 184 Extra"]
[Source "ChessBase"]
[SourceDate "2018.06.28"]
[SourceVersion "1"]
[SourceVersionDate "2018.06.28"]
[SourceQuality "1"]

1. d4 Nf6 2. c4 e6 3. g3 d5 4. Nf3 Bb4+ 5. Bd2 Nc6 6. Bg2 0-0 7. 0-0 Bxd2 8. Nbxd2 Rb8 9. Rc1 Bd7 10. Re1 Ne4 11. Nxe4 dxe4 12. Ne5 Nxe5 13. dxe5 Bc6 14. Qc2 f5 15. exf6 Qxf6 16. e3 Rbd8 17. Rcd1 Rd3 18. Bf1 Rd6 19. Rxd6 cxd6 20. Rd1 d5 21. cxd5 exd5 22. Rd2 a6 23. Qc3 Qf5 24. Qc5 Rc8 25. Qd6 Qg5 26. Qe6+ 1-0

[Event "Hospitalet de Llobregat Ponce 3rd"]
[Site "Hospitalet de Llobregat"]
[Date "2017.04.22"]
[Round "3"]
[White "Pinilla Sanchez, Josep A"]
[Black "Daguro Dasalla, Armando"]
[Result "1-0"]
[WhiteElo "1870"]
[BlackElo "1961"]
[PlyCount "75"]
[EventDate "2017.04.01"]
[EventType "swiss"]
[EventRounds "9"]
[EventCountry "ESP"]
[SourceTitle "EXT 2018"]
[Source "ChessBase"]
[SourceDate "2017.10.13"]
[SourceVersion "1"]
[SourceVersionDate "2017.10.13"]
[SourceQuality "1"]

1. d4 d5 2. c4 e6 3. Nf3 Nf6 4. g3 c6 5. Bg2 Bb4+ 6. Bd2 Bxd2+ 7. Nbxd2 Nbd7 8. 0-0 b6 9. Qc2 Bb7 10. e4 0-0 11. e5 Nh5 12. Rfe1 Rc8 13. c5 g6 14. b4 Ng7 15. Bh3 Rb8 16. Nf1 Ba6 17. Ne3 bxc5 18. bxc5 Qa5 19. Ng4 Nf5 20. Qc1 Qd8 21. Nh6+ Nxh6 22. Qxh6 Re8 23. Re3 Qa5 24. Ng5 Nf8 25. Rf3 Rb7 26. g4 Be2 27. Re3 Qd2 28. Bf1 Bxg4 29. Rb3 Rxb3 30. axb3 Re7 31. Qh4 Bh5 32. Nxh7 Nxh7 33. Qxe7 a5 34. Qh4 Ng5 35. Bg2 Nf3+ 36. Bxf3 Bxf3 37. Qd8+ Kg7 38. Qf6+ 1-0

[Event "Barcelona Catalunya op 26th"]
[Site "Barcelona"]
[Date "2014.11.22"]
[Round "8"]
[White "Marina de la Torre, Ivan"]
[Black "Pinilla Sanchez, Josep A"]
[Result "1/2-1/2"]
[WhiteElo "2110"]
[BlackElo "2016"]
[PlyCount "84"]
[EventDate "2014.09.27"]
[EventType "swiss"]
[EventRounds "9"]
[EventCountry "ESP"]
[SourceTitle "EXT 2017"]
[Source "ChessBase"]
[SourceDate "2016.10.25"]
[SourceVersion "1"]
[SourceVersionDate "2016.10.25"]
[SourceQuality "1"]

1. d4 d5 2. Nf3 Nf6 3. Bf4 Bf5 4. e3 c5 5. c4 Nc6 6. Nc3 e6 7. Qb3 Nb4 8. Rc1 Qb6 9. Na4 Qa5 10. Nc3 b6 11. Nd2 Be7 12. Be2 Nd3+ 13. Bxd3 Bxd3 14. cxd5 0-0 15. dxe6 cxd4 16. exf7+ Rxf7 17. Nd1 Qf5 18. Nf3 dxe3 19. fxe3 Nd5 20. Nd4 Bb4+ 21. Qxb4 Nxb4 22. Nxf5 Rxf5 23. Nc3 Re8 24. Kd2 Ba6 25. Rcd1 Nd3 26. Rb1 Nxf4 27. exf4 Rxf4 28. g3 Rf2+ 29. Kc1 Rd8 30. Ne4 Rg2 31. h4 Bd3 32. Rd1 Rc8+ 33. Nc3 Bxb1 34. Kxb1 Rxg3 35. Nd5 Re8 36. Nc7 Rc8 37. Rd7 Rg2 38. a3 g5 39. Nd5 Rcc2 40. Nf6+ Kf8 41. Nxh7+ Kg8 42. Nf6+ Kf8 1/2-1/2

[Event "Barcelona Catalunya op 26th"]
[Site "Barcelona"]
[Date "2014.11.08"]
[Round "6"]
[White "Bonada Navarro, Alexandre"]
[Black "Pinilla Sanchez, Josep A"]
[Result "0-1"]
[WhiteElo "1848"]
[BlackElo "2016"]
[PlyCount "46"]
[EventDate "2014.09.27"]
[EventType "swiss"]
[EventRounds "9"]
[EventCountry "ESP"]
[SourceTitle "EXT 2017"]
[Source "ChessBase"]
[SourceDate "2016.10.25"]
[SourceVersion "1"]
[SourceVersionDate "2016.10.25"]
[SourceQuality "1"]

1. d4 Nf6 2. c4 c5 3. d5 b5 4. cxb5 a6 5. f3 e6 6. e4 exd5 7. e5 Ng8 8. Qxd5 Ra7 9. Be3 Bb7 10. Qd2 d5 11. exd6 Qxd6 12. bxa6 Qxd2+ 13. Nxd2 Bxa6 14. Nc4 Nf6 15. 0-0-0 Rd7 16. Re1 Kd8 17. Nh3 Nd5 18. Ng5 h6 19. Ne4 Nxe3 20. Rxe3 f5 21. Nc3 Bxc4 22. Bxc4 Be7 23. Be6 Bg5 0-1

[Event "Llobregat op 3rd"]
[Site "Llobregat"]
[Date "2011.05.14"]
[Round "6"]
[White "Ayala Abenza, Jose Luis"]
[Black "Pinilla Sanchez, Josep A"]
[Result "1-0"]
[WhiteElo "2088"]
[BlackElo "1945"]
[PlyCount "67"]
[EventDate "2011.04.02"]
[EventType "swiss"]
[EventRounds "7"]
[EventCountry "ESP"]
[SourceTitle "CBM 142 Extra"]
[Source "ChessBase"]
[SourceDate "2011.06.27"]
[SourceVersion "1"]
[SourceVersionDate "2011.06.27"]
[SourceQuality "1"]

1. e4 c6 2. d4 d5 3. Nc3 dxe4 4. Nxe4 Bf5 5. Ng3 Bg6 6. Nf3 Nd7 7. h4 h6 8. h5 Bh7 9. Bd3 Bxd3 10. Qxd3 e6 11. Bd2 Ngf6 12. 0-0-0 Be7 13. c4 0-0 14. Bc3 b5 15. c5 Qc7 16. Rhe1 Nd5 17. Bd2 a5 18. Kb1 Rfd8 19. Qe4 N7f6 20. Qe2 b4 21. Ne5 Bf8 22. Qf3 Rac8 23. Ne4 Nxe4 24. Rxe4 Nf6 25. Rh4 Bxc5 26. Bxh6 Bxd4 27. Qg3 Nxh5 28. Rxh5 Bxe5 29. Rxd8+ Qxd8 30. Rxe5 Qd1+ 31. Bc1 Qd4 32. Qe3 Qd6 33. Rh5 c5 34. Qh3 1-0